000 00971nmc a2200325 a 4500
003 AR-BaBNM
005 20251128204842.0
008 256019s1986 ||||||||||||||000 | spa||
020 _a950-614-552-0
040 _cAR-BaBNM
100 1 _aBialet Massé, Juan
245 1 0 _aInforme sobre el estado de la clase obrera
_ben el interior de la república. 1
260 _aBuenos Aires
_bHyspamérica
_c1986
300 _a476 p.
490 0 _aBiblioteca argentina de historia y política
_vv. 68
600 1 4 _aRoca, Julio Argentino
_d1898-1904
650 4 _aHISTORIA ARGENTINA
650 4 _aHISTORIA SOCIAL
650 4 _aHISTORIA SINDICAL
650 4 _aHISTORIA ECONOMICA
650 4 _aINMIGRACION EN ARGENTINA
650 4 _aMOVIMIENTO OBRERO
650 4 _aHISTORIA DEL TRABAJO
650 4 _aCLASE BAJA
650 4 _aCONDICIONES DE TRABAJO
650 4 _aTRABAJADORES AGRICOLAS
800 1 _aCostantini, Pablo
_edirector
942 _cBK
998 _cEnrique
999 _c9049
_d9049